Cyclopes didactylus in british Honduras (Registro nro. 11679)

Detalles MARC
000 -CABECERA
Campo de control 004690000a22001690004500
090 ## - CLASIFICACIÓN LOCAL
Colección AR
Consecutivo 02616
041 0# - IDIOMA
Código de idioma para texto/pista de sonido o título separado
100 1# - ASIENTO PRINCIPAL--NOMBRE PERSONAL
Nombre personal Jones, J. Knox
245 10 - MENCION DE TITULO
Título Cyclopes didactylus in british Honduras
650 14 - ASIENTO SECUNDARIO DE MATERIA - TERMINO TEMATICO
Término temático o nombre geográfico como elemento de entrada Mamíferos
650 14 - ASIENTO SECUNDARIO DE MATERIA - TERMINO TEMATICO
Término temático o nombre geográfico como elemento de entrada Nuevos registros
651 #4 - ASIENTO SECUNDARIO DE MATERIA - NOMBRE GEOGRAFICO
-- Oaxaca
-- México
653 ## - TERMINO DE INDIZACION - NO CONTROLADO
-- Cyclopes
-- Cyclopes didactylus
700 1# - ASIENTO SECUNDARIO - NOMBRE PERSONAL
Nombre personal Carter, Dilford C.
773 1# - Item fuente:
Título Mammalia
Especificación de materiales 204
Paginas del Articulo 535-536
Lugar, editorial y fecha de publicación 1970
942 ## - ELEMENTOS ADICIONALES (KOHA)
Tipo de ítem Artículo
Existencias
Withdrawn status Lost status Damaged status No para préstamo Colección Ubicación Permanente Ubicación actual Fecha de adquisición Fuente de Valor Datos de publicación Seriada Total Checkouts Número topográfico Inventario / Código de Barras Date last seen Ejemplar Price effective from Forma de adquisición Tipo de material
      No para Préstamo Hemeroteca Bogotá Bogotá 27/02/2015 Sánchez, Enrique Fuera de circulación   AR 02616 013029 25/03/2015 1 25/03/2015   Artículo